1352 1271 1912 1403 1132 1161 1903 1579 1707 1301 1398 1742 1529 1031 1452 1679 1594 1353 1376 1117 1541 1352 1208 1699 1352 1693 1622 1468 1207 1553 1114 1462 1181 1214 1571 1066 1611 1555 1349 1734 1253 1451 1861 1026 1419 1726 1810 1242 1003 1548 1789 1687 1034 1219 1495 1085 1379 1623 1456 1307 1227 1408 1221 1027 1107 1800 1191 1296 1728 1609 1468 1970 1231 1087 1241 1562 1428 1505 1621 1875 1109 1625 1160 1526 1436 1111 1830 1753 1673 1749 1235 1382 1281 1313 1420 1630 1862 1830 1176 BCNSPRNW ULIB Ver.6.0+V

เปลี่ยนเป็นภาษาไทย

Change to English
 แสดงรายละเอียดบรรณานุกรม
  กลับหน้าหลัก

Brief Record : Get Marc (ISO 2709) : E-mail record : QR code < ปิดหน้าต่าง
LEADER : 00000nam 2200000uu 4500
001    13399109105
003     ULIB
008    110322s2550||||th 000 0 tha d
020    9789744140487
050  4 GN316^bน639ม 2550
100 0  นิยพรรณ (ผลวัฒนะ) วรรณศิริ
245 10 มานุษยวิทยาสังคมและวัฒนธรรม /^cนิยพรรณ (ผลวัฒนะ) วรรณศิริ
250    พิมพ์ครั้งที่ 1
260    กรุงเทพฯ :^bเอ็กซเปอร์เน็ท,^c2550
300    312 หน้า :^bภาพประกอบ ;^c26 ซม.
650  7 มานุษยวิทยา
650  7 สังคมและวัฒนธรรม
945    ^p260^l0^i029890
945    ^p260^l0^i029889
995    ทศพร
999 ^a ใช้งานได้ทุกระบบ
รายการนี้ยังไม่มีแท็ก
คุณยังไม่ได้ล็อกอิน คุณสามารถมีกิจกรรมร่วมกับเว็บไซต์ได้ แต่ต้องล็อกอินก่อน ::
  ล็อกอิน

รายการสื่อสารสนเทศ

ลำดับที่ ประเภท เลขเรียก/บาร์โค้ด สถานที่ สถานะ
- ไม่พบข้อมูล -

รายการใกล้เคียง
    ผู้แต่ง [นิยพรรณ (ผลวัฒนะ) วรรณศิริ]

    หัวเรื่อง [มานุษยวิทยา]
    หัวเรื่อง [สังคมและวัฒนธรรม]

BibComment


ยังไม่เคยถูกคอมเมนท์

คอมเมนท์ทรัพยากรรายการนี้
  คอมเมนท์: มานุษยวิทยาสังคมแ..


 Copyright 2026. Bcnsprnw @Library